Principles of Artificial Intelligence / (Record no. 175391)
[ view plain ]
| 000 -LEADER | |
|---|---|
| fixed length control field | 01101 a2200217 4500 |
| 003 - CONTROL NUMBER IDENTIFIER | |
| control field | Nust |
| 005 - DATE AND TIME OF LATEST TRANSACTION | |
| control field | 20230608145712.0 |
| 010 ## - LIBRARY OF CONGRESS CONTROL NUMBER | |
| LC control number | 97047159 |
| 020 ## - INTERNATIONAL STANDARD BOOK NUMBER | |
| International Standard Book Number | 3540113401 |
| 040 ## - CATALOGING SOURCE | |
| Transcribing agency | Nust |
| 082 00 - DEWEY DECIMAL CLASSIFICATION NUMBER | |
| Classification number | 006.3,NIL |
| 100 1# - MAIN ENTRY--PERSONAL NAME | |
| Personal name | Nilsson, Nils J., |
| 9 (RLIN) | 61534 |
| 245 10 - TITLE STATEMENT | |
| Title | Principles of Artificial Intelligence / |
| Statement of responsibility, etc. | Nils J. Nilsson. |
| 260 ## - PUBLICATION, DISTRIBUTION, ETC. | |
| Place of publication, distribution, etc. | San Francisco, Calif. : |
| Name of publisher, distributor, etc. | Morgan Kaufmann Publishers, |
| Date of publication, distribution, etc. | c1998. |
| 300 ## - PHYSICAL DESCRIPTION | |
| Extent | xxi, 513 p. : |
| Other physical details | ill. ; |
| Dimensions | 24 cm. |
| 505 ## - FORMATTED CONTENTS NOTE | |
| Formatted contents note | Production Systems and AI (Page-17), Search Strategies for AI (Page-53), Search Strategies for Decomposable Production Systems (Page-99), The Predicate Calculus in AI (Page-131), Resolution Refutation Systems (Page-161), Rule-Based Deduction Systems (Page-193), Basic Plan-Generating Systems (Page-275), Advance Plan-Generating Systems (Page-321), Structured Object Representation (Page-361). |
| 650 #0 - SUBJECT ADDED ENTRY--TOPICAL TERM | |
| Topical term or geographic name entry element | Artificial intelligence. |
| 856 42 - ELECTRONIC LOCATION AND ACCESS | |
| Materials specified | Publisher description |
| Uniform Resource Identifier | <a href="http://www.loc.gov/catdir/description/els032/97047159.html">http://www.loc.gov/catdir/description/els032/97047159.html</a> |
| 856 42 - ELECTRONIC LOCATION AND ACCESS | |
| Materials specified | Table of contents |
| Uniform Resource Identifier | <a href="http://www.loc.gov/catdir/toc/els032/97047159.html">http://www.loc.gov/catdir/toc/els032/97047159.html</a> |
| 942 ## - ADDED ENTRY ELEMENTS (KOHA) | |
| Koha item type | Book |
| Source of classification or shelving scheme | |
| Withdrawn status | Lost status | Source of classification or shelving scheme | Damaged status | Not for loan | Permanent Location | Current Location | Shelving location | Date acquired | Full call number | Barcode | Date last seen | Price effective from | Koha item type | Public note |
|---|---|---|---|---|---|---|---|---|---|---|---|---|---|---|
| Military College of Signals (MCS) | Military College of Signals (MCS) | General Stacks | 12/12/2016 | 006.3,NIL | MCS553 | 12/08/2016 | 12/12/2016 | Book | Almirah No.81, Shelf No.4 | |||||
| Military College of Signals (MCS) | Military College of Signals (MCS) | General Stacks | 12/12/2016 | 006.3,NIL | MCS585 | 12/08/2016 | 12/12/2016 | Book | Almirah No.71, Shelf No.2 |
